000 00418nam a2200157Ia 4500
003 GCL
008 140319s9999 xx 000 0 eng d
040 _aGCL /
_cGCL
082 0 4 _a704.04
_bC K
100 1 _aCIRLOT, LOWDES
245 1 0 _aTHE KEY TO MODERN ART OF THE EARLY 20TH CENTURY /
_cCIRLOT, LOWDES
260 _a[S.N] :
_bSEARCH PRESS ،
_c1993
300 _a78 P P
650 0 4 _aART, MODERN
942 _2ddc
_cBK
999 _c17635
_d17635